Tilastot visalle Parhaat maat

Klikkaa tästä pelataksesi tätä visaa!

Yleistilastot

  • Tätä visaa on pelattu 23 kertaa
  • Keskiarvotulos 12 / 23

Vastaustilastot

HintVastaus% Oikein
Euroopparuotsi
100%
Eurooppasuomi
100%
Eurooppanorja
95%
Euroopparanska
84%
Eurooppasaksa
74%
Eurooppaitalia
68%
Eurooppatanska
63%
Eurooppaluxemburg
58%
Eurooppasveitsi
58%
Eurooppasveitsi
58%
Eurooppaislanti
53%
Eurooppaitävalta
53%
Eurooppaitävalta
53%
Aasiajapani
53%
Eurooppakreikka
42%
Oseaniauusi seelanti
42%
Aasiathaimaa
37%
Eurooppakroatia
21%
Ruotsin toinen nimihomo
16%
Aasiavietnam
16%
Ruotsin toinen niminarttu
5%
suomen toinen nimiPARAS MAA
5%
Luxemburgin toinen nimiParas maa
5%

Tulosjakauma

Persentiili vastausten määrän mukaan

Jokaisen tuloksen saaneiden osuus

Tuloshistoriasi

Et ole pelannut tätä visaa